书目信息 |
| 题名: |
明清稀见史籍叙录
|
|
| 作者: | 武新立 编著 | |
| 分册: | ||
| 出版信息: | 南京 金陵书画社 1983.12 |
|
| 页数: | 303页 | |
| 开本: | 20cm | |
| 丛书名: | ||
| 单 册: | ||
| 中图分类: | K204.5 | |
| 科图分类: | ||
| 主题词: | 中国--通史 | |
| 电子资源: | ||
| ISBN: | ||
| 000 | 00540nam0 2200193 45 | |
| 001 | 0312221749 | |
| 005 | 20031222171037.0 | |
| 010 | @dCNY1.40 | |
| 100 | @a20031222d1983 km y0chiy0120 ea | |
| 101 | @achi | |
| 105 | @a z 000yy | |
| 200 | 1 | @a明清稀见史籍叙录@AMing Qing Xi Jian Shi Ji Xu Lu@f武新立编著@FWu Xin Li Bian Zhu |
| 210 | @a南京@c金陵书画社@d1983.12 | |
| 215 | @a303页@d20cm | |
| 606 | 0 | @a中国@x通史 |
| 690 | @aK204.5@v3 | |
| 701 | 0 | @a武新立@4编著 |
| 801 | @aCN@bTSTCL@c20031222 | |
| 905 | @a213230@dK204.5@e46@b214785-786@f2 | |
| 明清稀见史籍叙录/武新立编著.-南京:金陵书画社,1983.12 |
| 303页;20cm |
| ISBN :CNY1.40 |
| ● |
| 相关链接 |
|
|
|
|
正题名:明清稀见史籍叙录
索取号:K204.5/46
 
预约/预借
| 序号 | 登录号 | 条形码 | 馆藏地/架位号 | 状态 | 备注 |
| 1 | 0214785 | 000425524 | 密集书库/ [索取号:K204.5/46] | 在馆 | |
| 2 | 0214786 | 000425454 | 第二借阅区/ [索取号:K204.5/46] | 在馆 | |
| 3 | 0214787 | 202114559 | 第二样本阅览室/ [索取号:K204.5/46] | 在馆 |